| 000 | 00348 a2200157 4500 | ||
|---|---|---|---|
| 001 | 72083 | ||
| 020 | _a8516366537 | ||
| 040 | _cAnchieta - Colégio São Paulo | ||
| 100 | _aGullar, Ferreira | ||
| 240 | 1 | 0 |
_aO touro encantado _lpor |
| 245 | 1 | 0 | _aO touro encantado |
| 300 | _a54 | ||
| 362 | 0 | _a2003 | |
| 650 | 4 | _aLiteratura infantil | |
| 942 | _cBK | ||
| 999 |
_c72083 _d72083 |
||